书目信息 |
| 题名: |
大规模煤气化技术
|
|
| 作者: | 张东亮 , 任永强 , 许世森 编著 | |
| 分册: | ||
| 出版信息: | 北京 化学工业出版社 2006.01 |
|
| 页数: | 379页 | |
| 开本: | 21cm | |
| 丛书名: | 煤清洁转化新技术丛书 | |
| 单 册: | ||
| 中图分类: | TQ54 | |
| 科图分类: | ||
| 主题词: | 煤气化--mei qi hua--新技术--研究 | |
| 电子资源: | ||
| ISBN: | 7-5025-7945-1 | |
| 000 | 01113nam 2200277 450 | |
| 001 | 012006399079 | |
| 005 | 20060530095726.20 | |
| 010 | @a7-5025-7945-1@dCNY29.00 | |
| 100 | @a20060504d2006 km y0chiy0120 ea | |
| 101 | 0 | @achi |
| 102 | @aCN@b110000 | |
| 105 | @aa a 000yy | |
| 200 | 1 | @a大规模煤气化技术@Ada gui mo mei qi hua ji shu@f许世森, 张东亮, 任永强编著@Fxu shi sen,zhang dong liang,ren yong qiang bian zhu |
| 210 | @a北京@c化学工业出版社@d2006.01 | |
| 215 | @a379页@c图@d21cm | |
| 225 | 2 | @a煤清洁转化新技术丛书@Amei qing jie zhuan hua xin ji shu cong shu |
| 320 | @a有书目 | |
| 330 | @a本书介绍了煤气化的基础理论及煤的气化性质,对煤气化工艺的现状及发展趋势进行了阐述。并重点论述了水煤浆加压气化、干煤粉加压气化、流化床煤气化、移动床加工气化工艺的工艺原理及其在电力、化工生产等方面的应用。 | |
| 410 | 0 | @12001 @a煤清洁转化新技术丛书 |
| 606 | 0 | @a煤气化@Amei qi hua@x新技术@x研究 |
| 690 | @aTQ54@v4 | |
| 701 | 0 | @a张东亮@Azhang dong liang@4编著 |
| 701 | 0 | @a任永强@Aren yong qiang@4编著 |
| 701 | 0 | @a许世森@Axu shi sen@4编著 |
| 801 | 0 | @aCN@bQSSK@c20060530 |
| 905 | @a10447@dTQ54@eX896 | |
| 大规模煤气化技术/许世森, 张东亮, 任永强编著.-北京:化学工业出版社,2006.01 |
| 379页:图;21cm.-(煤清洁转化新技术丛书) |
| ISBN 7-5025-7945-1:CNY29.00 |
| 本书介绍了煤气化的基础理论及煤的气化性质,对煤气化工艺的现状及发展趋势进行了阐述。并重点论述了水煤浆加压气化、干煤粉加压气化、流化床煤气化、移动床加工气化工艺的工艺原理及其在电力、化工生产等方面的应用。 |
| ● |
| 相关链接 |
|
|
|
正题名:大规模煤气化技术
索取号:TQ54/X896
 
预约/预借
| 序号 | 登录号 | 条形码 | 馆藏地/架位号 | 状态 | 备注 |
| 1 | 559829 | 205598290 | 自科二线504/504自科库 44排5列6层/ [索取号:TQ54/X896] | 在馆 | |
| 2 | 559830 | 205598307 | 自科二线504/504自科库 44排6列5层/ [索取号:TQ54/X896] | 在馆 | |
| 3 | 559831 | 205598316 | 自科二线504/504自科库 43排2列5层/ [索取号:TQ54/X896] | 在馆 | |
| 4 | 603686 | 206036868 | 自科二线504/504自科库 44排6列5层/ [索取号:TQ54/X896] | 在馆 | |
| 5 | 603687 | 206036877 | 自科二线504/504自科库 43排1列2层/ [索取号:TQ54/X896] | 在馆 | |
| 6 | 603688 | 206036886 | 自科二线504/504自科库 42排4列3层/ [索取号:TQ54/X896] | 在馆 | |
| 7 | 603689 | 206036895 | 自科二线504/504自科库 44排6列5层/ [索取号:TQ54/X896] | 在馆 | |
| 8 | 603690 | 206036902 | 自科二线504/110考试书库 5排2列4层/ [索取号:TQ54/X896] | 在馆 |